Statistics for World War 2 General Knowledge Quiz

Click here to take the quiz!

General Stats

  • This quiz has been taken 171 times
  • The average score is 19 of 27

Answer Stats

Hint Answer % Correct
Country that Germany invaded on September 1st 1939 which led to the outbreak of WW2Poland
96%
The Anschluss was the annexation of Germany and which other countryAustria
93%
British prime minister through out WW2Winston Churchill
93%
Leader of the Soviet Union during WW2Josef Stalin
89%
Japanese city that the USA dropped atomic bomb on firstHiroshima
88%
Other Japanese city the USA dropped an atomic bomb onNagasaki
86%
The beaches Utah ,Omaha ,Gold ,Juno and Sword are located in which French regionNormandy
86%
The Soviet Union's victory at this city was the majot turning point of the warStalingrad
86%
Name given to the German air forceLuftwaffe
85%
French port where over 338,000 allied soldiers were evacuated from following the invasion of FranceDunkirk
84%
Which country conquered BerlinThe Soviet Union
83%
Italian leader during WW2Benito Mussolini
76%
Name given to the period of heavy bombing on British cities during 1940 and 1941The Blitz
74%
American naval base in Hawaii which Japan attacked in December 1941 forcing the USA to enter the warPearl Harbour
71%
France's defensive line along their border with GermanyMaginot Line
69%
Pro-German puppet state established in the south of FranceVichy France
67%
Code name for Germany's invasion of the USSROperation Barbarossa
66%
Who was appointed as the USA's new president following Roosevelt's death in April 1945Harry S Truman
64%
Country which the Sudentenland belonged toCzechoslovakia
64%
British General who defeated General Rommel at El Alamein in EgyptGeneral Montgomery
60%
US president when this attack happenedFrank D Roosevelt
56%
Area in Belgium where the Battle of the Bulge took place and through where the Germans invaded FranceArdennes
54%
Code name for D-DayOperation Overlord
53%
Conference where Churchill, Roosevelt and Stalin met to discuss the future of Europe once the war was overThe Yalta Conference
45%
Japanese leader during WW2Hideki Tojo
33%
Agreement where Hitler was granted the SudetenlandMunich Agreement
31%
The name of Italy's and Hitlers' military agreement to help each other in any future warPact of Steel
16%

Score Distribution

Percentile by Number Answered

Percent of People with Each Score

Your Score History

You have not taken this quiz